000 01596nam a2200313 c 4500
003 BLK
005 20240812084211.0
008 180409b bul|||||r ||||||| ||bul||
010 _aKNG00113995000
020 _a954-9761-66-5
_bиздат.: Световит
040 _aBLK
041 _aBUL
_cBUL
080 _aБългарска литература
_b821.163.2
_x-31
_z821.163.2-31
100 1 _aКалчев, Христо Константинов
_eпърви автор
_9370209
139 _aКалчев, Христо Константинов
_bК 20
245 1 0 _aСпрете полета на сокола
_bВулгарен роман
_cХристо Константинов Калчев.
257 _aBGR
260 София
_bСветовит
_c2004
_fВраца : Полипринт
300 _a148 с.
_c20 см
380 _aX
500 _aОфс. изд. Романът е продълж. на Нерон вълкът ; Калигула бесният ; Цикълът на Месалина ; Ликвидирайте генерала ; Оратория за козел и ангорска котка ; Кървавият път на коприната ; Последно причастие ; Сънят на уморения лъв ; Откриване на ловния сезон ; Синдромът на глутницата.
653 _aромани
852 _aЦб 220257
856 4 _qpdf
_u
856 4 _qpdf
_u
942 _cKNG
_n0
_07
944 _aCR
_c08.07.2004
_k30575
_lМартин Енчев
944 _aED
_c14.08.2006
_k
999 _c108686
_d108686